Vista normal Vista MARC

Entrada Nombre Corporativo

Número de registros utilizados en: 1

001 - NUMERO DE CONTROL

  • control field: 27283

003 - CONTROL NUMBER IDENTIFIER

  • control field: AR-RoUNA

005 - FECHA Y HORA DE LA ÚLTIMA TRANSACCIÓN

  • control field: 20250722113317.0

008 - ELEMENTOS DE DATOS DE LONGITUD FIJA

  • fixed length control field: 250722|| aca||aabn | a|a d

040 ## - FUENTE DE CATALOGACIÓN

  • Original cataloging agency: AR-RoUNA
  • Transcribing agency: AR-RoUNA

110 ## - NOMBRE CORPORATIVO

  • Nombre corporativo: Ministerio de Obras publicas y urbanismo

670 ## - SOURCE DATA FOUND

  • Source citation: Work cat.: (AR-RoUNA)12046: Ministerio de Obras publicas y urbanismo, Tesauro de medio ambiente